000 00498nam a2200193Ia 4500
005 20250326145214.0
008 250326s9999 xx 000 0 und d
037 _aTextbook
040 _aFMSL
_beng
_cFMSL
041 _aeng
_2eng
084 _aX:8 P7
_qFMSL
100 _aKroth M
_9750834
245 0 _aManager as motivator
_cKroth M
260 _aLondon
_bLondon, Praeger
_c2007
365 _b1742.607
650 _aManagement
942 _cTB
_hX:8 P7
999 _c1306747
_d1306747